Floyd-McAdoo families papers, (Record no. 42948)
[ view plain ]
| 000 -LEADER | |
|---|---|
| fixed length control field | 01920cpcaa2200349 4500 |
| 001 - CONTROL NUMBER | |
| control field | mm 80082277 |
| 003 - CONTROL NUMBER IDENTIFIER | |
| control field | DLC |
| 005 - DATE AND TIME OF LATEST TRANSACTION | |
| control field | 20260227111705.0 |
| 007 - PHYSICAL DESCRIPTION FIXED FIELD--GENERAL INFORMATION | |
| fixed length control field | cr ||||||||||| |
| 008 - FIXED-LENGTH DATA ELEMENTS--GENERAL INFORMATION | |
| fixed length control field | 810119|||||||||||| a eng |
| 010 ## - LIBRARY OF CONGRESS CONTROL NUMBER | |
| LC control number | mm 80082277 |
| 040 ## - CATALOGING SOURCE | |
| Original cataloging agency | DLC |
| Transcribing agency | DLC |
| Description conventions | dacs |
| Modifying agency | DLC |
| 072 #7 - SUBJECT CATEGORY CODE | |
| Subject category code | R |
| Source | lcmd |
| 245 00 - TITLE STATEMENT | |
| Title | Floyd-McAdoo families papers, |
| Inclusive dates | 1806-1894. |
| 300 ## - PHYSICAL DESCRIPTION | |
| Extent | 6 |
| Type of unit | microfilm reels. |
| 506 0# - RESTRICTIONS ON ACCESS NOTE | |
| Terms governing access | Open to research. |
| 520 8# - SUMMARY, ETC. | |
| Summary, etc. | Diaries, letterbooks, and other papers of Charles Rinaldo Floyd, John Floyd, Mary Faith Floyd McAdoo, and W.G. McAdoo. |
| 533 ## - REPRODUCTION NOTE | |
| Type of reproduction | Microfilm of originals produced with permission of Brice Clagett. |
| Place of reproduction | Washington, D.C. : |
| Agency responsible for reproduction | Library of Congress Photoduplication Service, |
| Date of reproduction | 1960. |
| 535 1# - LOCATION OF ORIGINALS/DUPLICATES NOTE | |
| Custodian | Private |
| 545 0# - BIOGRAPHICAL OR HISTORICAL DATA | |
| Biographical or historical data | Members of the Floyd and McAdoo families. John Floyd, U.S. Army officer; his son, Charles Rinaldo Floyd, U.S. Army officer; Charles's daughter, Mary Faith Floyd McAdoo, novelist; and her husband, W.G. McAdoo, U.S. and Confederate Army officer and lawyer. |
| 546 ## - LANGUAGE NOTE | |
| Language note | Collection material in English. |
| 555 8# - CUMULATIVE INDEX/FINDING AIDS NOTE | |
| Cumulative index/finding aids note | Finding aid available in the Library of Congress Manuscript Reading Room and at |
| Uniform Resource Identifier | <a href="http://hdl.loc.gov/loc.mss/eadmss.ms010065">http://hdl.loc.gov/loc.mss/eadmss.ms010065</a> |
| 600 30 - SUBJECT ADDED ENTRY--PERSONAL NAME | |
| Personal name | Floyd family. |
| 600 30 - SUBJECT ADDED ENTRY--PERSONAL NAME | |
| Personal name | McAdoo family. |
| 700 1# - ADDED ENTRY--PERSONAL NAME | |
| Personal name | Floyd, Charles Rinaldo, |
| Dates associated with a name | 1797-1845. |
| Title of a work | Charles Rinaldo Floyd papers. |
| Date of a work | 1816-1845. |
| 700 1# - ADDED ENTRY--PERSONAL NAME | |
| Personal name | Floyd, John, |
| Dates associated with a name | 1769-1839. |
| Title of a work | John Floyd letterbooks and estate book. |
| Date of a work | 1806-1830. |
| 700 1# - ADDED ENTRY--PERSONAL NAME | |
| Personal name | McAdoo, Mary Faith Floyd, |
| Dates associated with a name | 1832-1913. |
| Title of a work | Mary Faith Floyd McAdoo diaries. |
| Date of a work | 1870-1891. |
| 700 1# - ADDED ENTRY--PERSONAL NAME | |
| Personal name | McAdoo, W. G. |
| Fuller form of name | (William Gibbs), |
| Dates associated with a name | 1820-1894. |
| Title of a work | W.G. McAdoo diaries. |
| Date of a work | 1846-1894. |
| 856 4# - ELECTRONIC LOCATION AND ACCESS | |
| Materials specified | Finding aid |
| Uniform Resource Identifier | <a href="http://hdl.loc.gov/loc.mss/eadmss.ms010065">http://hdl.loc.gov/loc.mss/eadmss.ms010065</a> |
| 856 4# - ELECTRONIC LOCATION AND ACCESS | |
| Materials specified | Finding aid (PDF) |
| Uniform Resource Identifier | <a href="http://hdl.loc.gov/loc.mss/eadmss.ms010065.3">http://hdl.loc.gov/loc.mss/eadmss.ms010065.3</a> |
No items available.